| 000 | 02514nam2a2200361 4500 | ||
|---|---|---|---|
| 001 | RU\NLR\BIBL_A\011732378 | ||
| 005 | 20250626120526.0 | ||
| 010 |
_a978-5-7996-1996-1 _bч. 2 |
||
| 035 | _a(NLR Aleph) 011732378 | ||
| 090 |
_a11534255 _c11534255 |
||
| 100 | _a20180618d2017 |||y0rusy50 ca | ||
| 101 | 0 | _arus | |
| 102 | _aRU | ||
| 105 | _aa j 000zy | ||
| 106 | _as | ||
| 135 | _acrmn mmmancda | ||
| 200 | 0 |
_aЧ. 2 _bЭлектронный ресурс _e[лабораторный практикум] |
|
| 210 |
_d2017 _aБ. м. |
||
| 215 |
_a103 с. _cцв. ил. |
||
| 230 | _aЭлектрон. дан. | ||
| 300 | _aЗагл. с титул. экрана | ||
| 325 | _aКопия доступна в Электрон. б-ке РНБ | ||
| 337 | _aРесурс доступен в Электронной библиотеке РНБ | ||
| 461 | 0 |
_1001RU\NLR\BIBL_A\011396163 _12001#$aИмитационное моделирование в AnyLogic 7$eучебное пособие$eдля студентов вуза, обучающихся по направлению 09.03.04 Программная инженерия$eв 2 частях$fО.В. Лимановская$gМинистерство образования и науки Российской Федерации, Уральский федеральный университет имени первого Президента России Б.Н. Ельцина, [Институт фундаментального образования]$vЧ. 2 _1700#1$aЛимановская$bО. В.$gОксана Викторовна _911480355 _aЛимановская, О. В. _cЕкатеринбург _d2017 _fО.В. Лимановская _nИзд-во Уральского университета _oучебное пособие : для студентов вуза, обучающихся по направлению 09.-3.04 Программная инженерия : в 2 частях _tИмитационное моделирование в AnyLogic 7 _y9785799619954 _vЧ. 2 |
|
| 852 | 0 | 0 |
_aNLR _jЭБ |
| 942 | _cBOOK | ||
| 980 | _aNB | ||
| 981 | 1 | 3 |
_a(13) Документы, защищенные авторским правом _b(13) Современная научная, научно-популярная и популярная л |